000 00521nam a2200181Ia 4500
005 20250326125045.0
008 250326s9999 xx 000 0 und d
037 _aTextbook
040 _aFMSL
_beng
_cFMSL
041 _aeng
_2eng
084 _aX:9p10a44 L5
_qFMSL
100 _aVaidyanathan N
_9128506
245 0 _aI L O conventions and India
_cVaidyanathan N
260 _aCalcutta
_bCalcutta, Minerva Associates
_c1975
300 _a164p
942 _cTB
_hX:9p10a44 L5
999 _c1276354
_d1276354